000 00707nam a22001817a 4500
003 UA-OsUOA
001 13339
007 ta
008 20030507b un ||||| |||| 00| 0 ukr d
100 _aСавченко Н.
942 _cSA
040 _aUA-OsUOA
_cUA-OsUOA
_dUA-OsUOA
245 _aМіліція підсумовує зроблене
_bУчасники колегії УМВС України в Рівнен. обл. підбили підсумки роботи органів внутріш. справ обл. за 1 кв. 2003 р.
300 _aС.11
955 _a0
773 0 _w0
_tВільне слово
_dРівне
_d2003
_g№33/25 квіт./
650 7 _aКраєзнавча робота
_2UDC
999 _c299500
_d299500